Státní podpora podnikání v Evropské unii
Štátna podpora a jej regulácia. Vplyv rôzných faktorov na rozsah štátnej podpory. Index ekonomickej slobody.
Uložené v:
| Hlavný autor: | |
|---|---|
| Ďalší autori: | |
| Médium: | Kapitola |
| Jazyk: | Czech |
| Predmet: | |
| Tagy: |
Žiadne tagy, Buďte prvý, kto otaguje tento záznam!
|
MARC
| LEADER | 00000naa a2200000 4500 | ||
|---|---|---|---|
| 001 | 0142754 | ||
| 005 | 20220322124302.7 | ||
| 041 | 0 | |a cze | |
| 044 | |a SK | ||
| 245 | 1 | 0 | |a Státní podpora podnikání v Evropské unii |c Jan Pavel, Leoš Vítek |
| 520 | |a Štátna podpora a jej regulácia. Vplyv rôzných faktorov na rozsah štátnej podpory. Index ekonomickej slobody. | ||
| 610 | 2 | 0 | |a podpora štátna |
| 610 | 2 | 0 | |a Európska únia |
| 610 | 2 | 0 | |a dotácie |
| 610 | 2 | 0 | |a podnikanie |
| 610 | 2 | 0 | |a kríza hospodárska |
| 100 | 1 | |a Pavel, Jan | |
| 700 | 1 | |a Vítek, Leoš | |